Маодуний тухай домог: Маодунь Шаньюй (Бичлэгийн дугаар. 67021)
[ энгийн харах ]
| 000 -Удирдлага | |
|---|---|
| Ном зүйн бүртгэл тоо буюу кодлох утгыг агуулсан | 00661 a2200205 4500 |
| 003 - ХЯНАЛТЫН ТОО ТОДОРХОЙЛОГЧ | |
| Код | MN-UlNLM |
| 005 - ХАМГИЙН СҮҮЛИЙН ҮЕИЙН ХЭЛЦЛИЙН ОГНОО БА ЦАГ | |
| Тухайн бичилтийг бичсэн засварласан сүүлийн огноо. | 20220822111136.0 |
| 008 - ЕРӨНХИЙ МЭДЭЭЛЭЛ-ЭЛЕМЕНТҮҮДИЙН ӨГӨГДЛИЙН УРТ | |
| fixed length control field | a130t2005 mp ||||| |||| 00|mon d |
| 040 ## - ЭХ СУРВАЛЖИЙГ ТОДОРХОЙЛОН БИЧИХ | |
| Анхны каталогийн байгууллага | Монгол Улсын Үндэсний номын сан |
| 084 ## - БУСАД АНГИЛЛЫН ДУГААР | |
| Анги | 82.3(5Мон) |
| Ангиллын нэр | Номын сан номзүйн ангилал |
| Зохиогчийн 3-н тэмдэгт | М 239 |
| Шинжлэх ухааны мэдлэгийн салбар | Ардын аман зохиол, утга зохиол - 82 |
| 245 0# - ҮНДСЭН ГАРЧИГ | |
| Гарчиг | Маодуний тухай домог: Маодунь Шаньюй |
| Оролцогчдын тухай мэдээ | Зур. Б.Цолмонбаяр |
| 250 ## - ХЭВЛЭЛТИЙН ТУХАЙ МЭДЭЭ | |
| Дахин хэвлэлтийн мэдээ | 1 |
| 260 0# - ГАРАЛТЫН ТУХАЙ МЭДЭЭ | |
| Хэвлэгдсэн он | 2005 |
| Хэвлэгдсэн газар | УБ |
| 300 ## - ТООНЫ МЭДЭЭ | |
| Хуудасны тоо | 16х |
| 546 ## - ХЭЛНИЙ ТУХАЙ МЭДЭЭ | |
| Хэл | |
| 653 ## - ТҮЛХҮҮР ҮГС | |
| Түлхүүр үг | Ардын аман зохиол, утга зохиол |
| -- | Монголын уран зохиол |
| 856 ## - ЭЛЕКТРОН БАЙРЛАЛ БА ХОЛБООС | |
| Төрөл | Хэвлэмэл ном |
| 942 ## - ЭЛЕМЕНТИЙН ТӨРӨЛ | |
| Төрөл | Ном |
| Буцаан татагдсан төлөв | Хасагдсан шалтгаан | Гэмтсэн төлөв | Данс заагч | Захиалах боломжгүй | Үндсэн номын сан | Одоогийн байршил | Салбар танхим | Сан хөмрөг 5 | Бүртгэсэн огноо | Тавиурын заалт | Баркод | Үнэ | Хамгийн сүүлд байсан огноо | Салбар | Нийт уншлаганд гарсан тоо | Хамгийн сүүлд уншлаганд гарсан огноо | Төрөл |
|---|---|---|---|---|---|---|---|---|---|---|---|---|---|---|---|---|---|
| МУҮНомын сан салбар | МУҮНомын сан салбар | МУҮНС салбар | Язгуур танхим 8 давхар | МУҮНС салбар | Язгуур танхим 8 давхар | 2021-08-31 | 71159 | 02071159 | 500.00 | 2021-08-31 | 0000020711 | 1 | 2021-03-14 | Ном | |||||
| МУҮНомын сан салбар | МУҮНомын сан салбар | МУҮНС салбар | Язгуур танхим 8 давхар | МУҮНС салбар | Язгуур танхим 8 давхар | 2021-08-31 | 71160 | 02071160 | 500.00 | 2021-08-31 | 0000020711 | Ном |